000 00894cam a2200277u 4500
008 141218s2013 fr c 000 0 fre d
020 _a2846904324
020 _a9782846904322
040 _aEG-GiCUC
_bfre
_cEG-GiCUC
043 _ae-fr---
050 0 0 _aDC38
_b.D613
092 0 4 _a944
_bD888 2013
_221
099 _a04
_a944 D888 2013
100 1 _aDumesnil, Carel.
245 0 0 _aHistoire de France :
_bde la royaute a ̀la Revolution, histoire, art, litterature, une encyclopedie illustree et complet̀e /
_cCarel Dumesnil.
250 _aNouv. âed.
260 _aParis:
_bE{u00B4}d. de Lodi, DL,
_c2013.
300 _a335 p.
_bill. en noir
_c26 cm.
651 0 _aFrance
_xCivilization
_xHistory.
651 0 _aFrance
_xHistory
_xChronology.
902 _a1
905 _aEman
_eRev.
905 _aJamal
_eCat.
942 _2ddc
_cBK
999 _c136718
_d136718